000 00433nam a2200181Ia 4500
005 20240812033534.0
008 240331s9999 xx 000 0 und d
020 _a8185054401
082 _a200.042
_bDAT
100 _aDatta, V.N
245 0 _aSati widow burning in India
260 _aNew Delhi
_bManohar Publishers
_c1988
300 _axx, 279 p .,
650 _aHistory
650 _aSocial
650 _aPhilosophy
942 _cL
999 _c788
_d788